000 00610nam a2200181Ia 4500
008 151018s9999 xx 000 0 und d
082 _bRBASDV40218
_a891.463
100 _aनयनतारा देसाई
245 _aइसिप्त पुण जाहले
250 _b1
260 _bगिता एजन्सी
_c2005
300 _a252
600 _aनयनतारा देसाई
630 _aइसिप्त पुण जाहले
700 _aनयनतारा देसाई
730 _aइसिप्त पुण जाहले
942 _cBOOK
999 _c1039498
_d1039495